Descubra a nacionalidade dos famosos - Statistics

Estatísticas Gerais
  • Esse quiz foi jogado 151 vezes
  • A pontuação média é 8 de 16
Estatísticas das Respostas
Imagem Resposta % Correto
Brasil
95%
Coréia do Sul
86%
Estados Unidos
78%
Ucrânia
66%
África do Sul
65%
Alemanha
65%
Canadá
62%
Holanda
51%
Colômbia
43%
Suécia
38%
Austrália
28%
França
22%
Itália
22%
Peru
15%
Argentina
14%
Chile
10%
Nenhum quiz correspondente encontrado
Distribuição das Pontuações
Porcentagem de Pessoas com Cada Pontuação
Percentil de Números Respondidos
Sua Pontuação Histórica
Você não jogou esse quiz